The management and measurement of infrastructure : (Record no. 719)

MARC details
000 -LEADER
fixed length control field 01332nam a22003257a 4500
001 - CONTROL NUMBER
control field 14592230
005 - DATE AND TIME OF LATEST TRANSACTION
control field 20231102132225.0
008 - FIXED-LENGTH DATA ELEMENTS--GENERAL INFORMATION
fixed length control field 231102b |||||||| |||| 00| 0 eng d
010 ## - LIBRARY OF CONGRESS CONTROL NUMBER
LC control number 2006034039
020 ## - INTERNATIONAL STANDARD BOOK NUMBER
International Standard Book Number 9781845426439 (hardcover)
020 ## - INTERNATIONAL STANDARD BOOK NUMBER
International Standard Book Number 1845426436 (hardcover)
035 ## - SYSTEM CONTROL NUMBER
System control number (OCoLC)73927122
035 ## - SYSTEM CONTROL NUMBER
System control number (OCoLC)ocm73927122
040 ## - CATALOGING SOURCE
Original cataloging agency DLC
Transcribing agency KMU
Modifying agency KMU
Description conventions rda
050 00 - LIBRARY OF CONGRESS CALL NUMBER
Classification number HC 79.C3
Item number M36 2007
245 04 - TITLE STATEMENT
Title The management and measurement of infrastructure :
Remainder of title performance, efficiency and innovation /
Statement of responsibility, etc. edited by Charlie Karlsson, William P. Anderson,Borje Johansson and Kiyoshi Kobayashi
260 ## - PUBLICATION, DISTRIBUTION, ETC.
Place of publication, distribution, etc. Cheltenham, UK ;
-- Northampton, MA. :
Name of publisher, distributor, etc. Edward Elgar,
Date of publication, distribution, etc. c2007.
300 ## - PHYSICAL DESCRIPTION
Extent ix, 458 p. :
Other physical details ill. ;
Dimensions 25 cm.
440 #0 - SERIES STATEMENT/ADDED ENTRY--TITLE
Title New horizons in regional science
504 ## - BIBLIOGRAPHY, ETC. NOTE
Bibliography, etc. note Includes bibliographical references and index.
650 #0 - SUBJECT ADDED ENTRY--TOPICAL TERM
Topical term or geographic name entry element Infrastructure (Economics)
General subdivision Management.
700 1# - ADDED ENTRY--PERSONAL NAME
Personal name Karlsson, Charlie,
Dates associated with a name 1945-
700 1# - ADDED ENTRY--PERSONAL NAME
Personal name Anderson, William P.,
700 1# - ADDED ENTRY--PERSONAL NAME
Personal name Johansson, Borje,
700 1# - ADDED ENTRY--PERSONAL NAME
Personal name Kobayashi,Kiyoshi
856 41 - ELECTRONIC LOCATION AND ACCESS
Materials specified Table of contents only
Uniform Resource Identifier <a href="http://www.loc.gov/catdir/toc/ecip073/2006034039.html">http://www.loc.gov/catdir/toc/ecip073/2006034039.html</a>
906 ## - LOCAL DATA ELEMENT F, LDF (RLIN)
a 7
b cbc
c orignew
d 1
e ecip
f 20
g y-gencatlg
942 ## - ADDED ENTRY ELEMENTS (KOHA)
Source of classification or shelving scheme Library of Congress Classification
Koha item type Non-Fiction
Suppress in OPAC No
Holdings
Withdrawn status Lost status Source of classification or shelving scheme Damaged status Not for loan Collection Home library Current library Shelving location Date acquired Source of acquisition Total Checkouts Full call number Barcode Date last seen Price effective from Koha item type
    Library of Congress Classification     Non-fiction Kapasa Makasa University Kapasa Makasa University Open Access 02.11.2023 ZLS   HC 79.C3 The 300646 02.11.2023 02.11.2023 Non-Fiction